Análisis de valores mobiliarios / (Record no. 132816)

MARC details
000 -LEADER
campo de control de longitud fija 00695nam a2200217 4500
001 - NÚMERO DE CONTROL
campo de control 132816
003 - IDENTIFICADOR DE NÚMERO DE CONTROL
campo de control ES-MaACL
005 - FECHA Y HORA DE LA ÚLTIMA TRANSACCIÓN
campo de control 20230906194245.0
007 - CAMPO FIJO DE DESCRIPCIÓN FÍSICA--INFORMACIÓN GENERAL
campo de control de longitud fija t|
008 - DATOS DE LONGITUD FIJA--INFORMACIÓN GENERAL
campo de control de longitud fija 070214s1967 sp r ||||1| spa d
100 1# - ENTRADA PRINCIPAL--NOMBRE DE PERSONA
Nombre de persona Rosenfeld, Félix.
9 (RLIN) 99743
245 10 - MENCIÓN DEL TÍTULO
Título Análisis de valores mobiliarios /
Mención de responsabilidad, etc. Félix Rosenfeld ; prefacio de J. Lesourne ; traducción de J. L. Espejo.
260 ## - PUBLICACIÓN, DISTRIBUCIÓN, ETC.
Lugar de publicación, distribución, etc. Barcelona :
Nombre del editor, distribuidor, etc. Hispano Europea,
Fecha de publicación, distribución, etc. 1967.
300 ## - DESCRIPCIÓN FÍSICA
Extensión 257 p. :
Otras características físicas il. ;
Dimensiones 21 cm.
490 1# - MENCIÓN DE SERIE
Mención de serie Matemática aplicada
700 1# - ENTRADA AGREGADA--NOMBRE PERSONAL
Nombre de persona Lesourne, Jacques.
9 (RLIN) 146439
700 1# - ENTRADA AGREGADA--NOMBRE PERSONAL
Nombre de persona Espejo, J. L.
9 (RLIN) 47796
830 0# - PUNTO DE ACCESO ADICIONAL DE SERIE-TÍTULO UNIFORME
Título uniforme Matemática aplicada
9 (RLIN) 219674
852 ## - LOCALIZACIÓN
Ubicación ES-MaACL
Número de control de estantería C-32089
Sublocalización o colección R.62799
Holdings
Estatus retirado Estado de pérdida Estado de daño No para préstamo Biblioteca de origen Biblioteca actual Ubicación en estantería Fecha de adquisición Fuente de adquisición Total de préstamos Signatura topográfica completa Código de barras Visto por última vez Precio de reemplazo Tipo de ítem Koha
        Biblioteca del Ateneo de Madrid Biblioteca del Ateneo de Madrid Depósito 2 17/01/2008     C-32089 1138271 23/02/2023 23/02/2023 Libro impreso